00418nam a2200157Ia 4500001001000000003000500010008004100015010001100056040000900067082001700076100002200093245006600115260005000181300001100231650001800242Para_1938CHAP220125s1993 xx 000 0 und d a200545 cCHAP aPA 595.7 H63 aHogue, Charles L. aLatin american isects and entomology /c by Charles L. Hogue aBerkeley :b University of California Press a536 p. aEntomología